Fr. Conceicao Rodrigues College of Engineering

Digital Electronics & Microprocessors (Record no. 22814)

MARC details
000 -LEADER
fixed length control field 00292nam a2200133Ia 4500
100 ## - MAIN ENTRY--PERSONAL NAME
Personal name Jain/R.P.
250 ## - EDITION STATEMENT
Edition statement 3
245 ## - TITLE STATEMENT
Title Digital Electronics & Microprocessors
260 ## - PUBLICATION, DISTRIBUTION, ETC.
Name of publisher, distributor, etc. Tata Mc Graw hill
Place of publication, distribution, etc. New Delhi
Date of publication, distribution, etc. 1992
300 ## - PHYSICAL DESCRIPTION
Extent 335
546 ## - LANGUAGE NOTE
Language note ENGLISH
654 ## - SUBJECT ADDED ENTRY--FACETED TOPICAL TERMS
Focus term digital
942 ## - ADDED ENTRY ELEMENTS (KOHA)
Koha item type BOOK
Holdings
Withdrawn status Lost status Damaged status Not for loan Collection Home library Current library Date acquired Source of acquisition Cost, normal purchase price Inventory number Total Checkouts Full call number Barcode Date last seen Cost, replacement price Price effective from Koha item type
        CRC Fr. Agnel's C.Rodrigues College of Engineering Fr. Agnel's C.Rodrigues College of Engineering 17/03/2023 global books 84.00 69 dt 30.10.93   4955 17/03/2023 84.00 30/10/1993 BOOK